000 02021nam0a2200313 i 4500
001 RU\NLR\BIBL_A\011404973
005 20260407153225.0
035 _a(NLR Aleph) 011404973
090 _a11526839
_c11526839
100 _a20170613d2012 u y0rusy50 ca
101 0 _arus
102 _aRU
105 _ac a 11zy
200 1 _aВладимир Васильевич Тимин
_eбиобиблиографический указатель
_e[к 75-летию со дня рождения]
_fМинистерство культуры Республики Коми, ГБУ РК "Национальная библиотека Республики Коми", Отдел краеведческой и национальной литературы
_g[составители: Е.Г. Нефедова, Н.И. Акиньхова]
210 _aСыктывкар
_cГБУ РК "Национальная библиотека Республики Коми", Редакционно-издательский сектор
_d2012
215 _a138 с.
_cпортр.
_d20
225 1 _aПисатели Республики Коми
_vвып. 9
320 _aИмен. указ.: с. 111-114
320 _aАлф. указ. загл. худож. произведений В. В. Тимина: с. 115-137
600 1 _aТимин
_bВ.В.
_f1937 - 2015
_gВладимир Васильевич
_jБиобиблиография
_92339271
_3RU\NLR\AUTH\6601622004
686 1 _aШ5(2=Ко)7-4Тимин.я1
702 1 _4570
_8rus
_7ca
_aТимин
_bВ. В.
_f1937-2015
_gВладимир Васильевич
_3RU\NLR\AUTH\7719301
_92373
712 0 2 _4570
_aНациональная библиотека Республики Коми
_cСыктывкар
_bОтдел краеведческой и национальной литературы
_3RU\NLR\AUTH\8810093817
_9688820
942 _cBOOK
980 _aNBR